Common Error In English (Record no. 6476)

MARC details
000 -LEADER
fixed length control field 01366nam a2200181 4500
020 ## - INTERNATIONAL STANDARD BOOK NUMBER
ISBN 8189093916
022 ## - INTERNATIONAL STANDARD SERIAL NUMBER
ISSN 9788189093914
050 ## - CALL NUMBER
Classification number PE1460
Item number .T46
100 ## - AUTHOR
Personal name Thomas M.
245 ## - TITLE
Title Common Error In English
Statement of responsibility, etc M. Thomas
260 ## - PUBLICATION INFORMATION
Place of publication New Delhi
Name of publisher Lotus Press
Year of publication 2008
300 ## - DESCRIPTION
Number of Pages 251 pages:
Dimensions 21 cm
505 ## - FORMATTED CONTENTS NOTE
Table of Content 1. English- The universal binder<br/>2. The definition of correct English<br/>3. Certain terms and their meanings<br/>4. The Alphabet<br/>5. Common Errors- A classification<br/>6. Errors in Usage of words<br/>7. Separable Pairs<br/>8. Words Beginning with 'Im' <br/>9. Three-letter words<br/>10. Words of french origin<br/>11. Double-take words<br/>12. Plain and Fancy words<br/>13. New words<br/>14. Word pairs<br/>15. Long and short words<br/>16. Homophones<br/>17. Words ending with 'Ude'<br/>18. Proper usage of nouns<br/>19. Punch words<br/>20. Adjectives<br/>21. Position of verbs and adjectives<br/>22. Fowlerisms and Red tape words<br/>23. One word, Many uses<br/>24. The action station<br/>25. Sound of words<br/>26. Queer Phrases<br/>27. Nouns and their various forms<br/>28. Some doubts about English usage<br/>29. Verbs and their various forms<br/>30. More doubts and solutions<br/>31. Use of adjectives and adverbs<br/>32. Modifying Elements<br/>33. Errors in punctuation<br/>34. Questions and answers
650 ## - SUBJECTS
Topical Term English language-- Grammar
650 ## - SUBJECTS
Topical Term English Language-- Rhetoric
650 ## - SUBJECTS
Topical Term College readers
942 ## - ADDED ENTRY ELEMENTS (KOHA)
Koha item type Books
Holdings
Withdrawn status Lost status Collection code Home library Current library Shelving location Date acquired Full call number Accession Number Koha item type
    Reference Methodist University Library Main Methodist University Library Main General Stacks 22/01/2011 PE1460 .T46 32508 Books
Copyright © 2026  MUG Library